Statistics for US states with most mosques

Click here to take the quiz!

General Stats

  • This quiz has been taken 45 times
  • The average score is 9 of 10

Answer Stats

MosquesAnswer% Correct
198California
98%
42Florida
95%
131New York
95%
58Texas
93%
43Pennsylvania
85%
43Illinois
83%
55Michigan
83%
56New Jersey
80%
27Virginia
76%
40Georgia
68%

Score Distribution

Percentile by Number Answered

Percent of People with Each Score

Your Score History

You have not taken this quiz